Plats français - Statistiques

Statistiques générales
  • Ce quiz a été pris 2 213 fois
  • Le résultat moyen est 10 sur 15
Statistiques - réponses
Par images Réponse % Correct
Raclette
97%
Cassoulet
90%
Tartiflette
83%
Croque monsieur
82%
Choucroute
80%
Boeuf bourguignon
72%
Hachis parmentier
72%
Ratatouille
72%
Blanquette de veau
71%
Pot au feu
71%
Galette
69%
Quiche Lorraine
63%
Flammekueche
32%
Petit salé
27%
Poulet basquaise
25%
Aucun quiz correspondant
Distribution des résultats
% des personnes avec chaque résultat
Percentile par nombre de réponses
Votre historique - résultats
Vous n’avez pas pris ce quiz